000 00721nam a2200205 i 4500
001 75033
003 ES-MaACL
005 20230906172323.0
007 t|
008 040922s1929 sp ||||1| spa d
100 1 _aGoy de Silva, Ramón,
_d1883-1962
_959392
245 1 3 _aLa corte del cuervo blanco
_b: fábula escénica en 4 actos /
_cRamón Goy de Silva ; con ligeras confesiones del autor y varios juicios críticos.
250 _a2ª ed.
260 _aMadrid :
_b[s.n.],
_c1929 (
_fImp. San Martín)
300 _a214 p., 1 h. de lám. ;
_c20 cm.
490 1 _aDe la Biblioteca Rubén Darío
830 0 _aDe la Biblioteca Rubén Darío
_9231235
852 _aES-MaACL
_jE-1183
999 _c75033
_d75033